| 000 | 00432nam a22001457a 4500 | ||
|---|---|---|---|
| 999 |
_c7829 _d7830 |
||
| 008 | 190410b ||||| |||| 00| 0 eng d | ||
| 020 | _a9789386062185 | ||
| 082 | _a338.9 P32i 2017 | ||
| 100 | _aPattanaik, B. K. | ||
| 245 |
_aIssues and challenges of development : _ban introduction |
||
| 260 |
_aThousand Oaks, California : _bSAGE, _c2017. |
||
| 300 |
_a434 pages ; _c23 cm. |
||
| 650 | _aDevelopment economics. | ||
| 942 | _2ddc | ||